| 000 | 00366nam a2200133Ia 4500 | ||
|---|---|---|---|
| 008 | 220217s9999||||xx |||||||||||||| ||und|| | ||
| 020 | _a978-81-203-1260-9 | ||
| 082 | _a526.9 ROY | ||
| 100 |
_aRoy, S.K _97073 |
||
| 245 | 0 | _aFundamentals of surveying | |
| 260 |
_aPrentice hall of india _bNew Delhi _c2009 |
||
| 300 |
_aXI,606p,;28cm _b295 |
||
| 650 | _aPHYSICS | ||
| 999 |
_c180499 _d180499 |
||